| 000 | 00573nam a22001697a 4500 | ||
|---|---|---|---|
| 008 | 230515b |||||||| |||| 00| 0 eng d | ||
| 040 |
_aNational Science Library _cNational Science Library |
||
| 080 |
_a551.5(082.2) _bJ7.1 |
||
| 245 | _aExploring the atmospheres first mile | ||
| 260 |
_aLondon: _bPergamon Press, _c1953 |
||
| 300 | _axiv, 376p. | ||
| 500 | _aVol.1 (Instrumentation and data evaluation) Vol.2 (Site description and data tabulation) | ||
| 650 | _aInstrumentation | ||
| 653 | _aEvaluation | ||
| 700 | _aLettau, Heinz H (Ed.) | ||
| 942 |
_2udc _cPR |
||
| 999 |
_c30340 _d30340 |
||